000
00229 a2200097 4500
001
43913
100
_a
Akram
245
_a
The Muslim Conquert of Egypt and North Africa
260
_a
Lahore
_b
Feroz Sons
_c
090
_c
27654
_d
27654
942
_a
NUST-CAE
_c
M
_c
19618
999
_c
278986
_d
278986